Guess the 60s Song from the Lyrics - Statistics

General Stats
  • This quiz has been taken 72 times
  • The average score is 8 of 15
Answer Stats
Hint Answer % Correct
All the leaves are brown (all the leaves are brown) And the sky is gray (and the sky is gray) I've been for a walk (I've been for a walk) On a winter's day (on a winter's day) I'd be safe and warm (I'd be safe and warm) If I was in LA (if I was in LA) California Dreamin
92%
There is a house in New Orleans They call the Rising Sun And it's been the ruin of many a poor boy And, God, I know I'm one House of the Rising Sun
91%
All my troubles seemed so far away Now it looks as though they're here to stay Oh I believe in --------- Suddenly I'm not half the man I used to be There's a shadow hanging over me Oh yesterday came suddenly Yesterday
88%
-------------------- and don't you come back No more, no more, no more, no more Hit the road Jack
83%
When the night has come And the land is dark And the moon is the only light we'll see No, I won't be afraid Oh, I won't be afraid Just as long as you stand Stand By Me
68%
When I'm driving in my car And that man comes on the radio And he's telling me more and more About some useless information Supposed to fire my imagination I can't get no, oh no, no, no Hey, hey, hey, that's what I'll say (I Can't Get No) Satisfaction
55%
You're just too good to be true ---------------------------------------- You'd be like Heaven to touch I wanna hold you so much At long last, love has arrived And I thank God I'm alive You're just too good to be true Can't take my eyes off you
45%
"There must be some kind of way out of here" Said the joker to the thief "There's too much confusion I can't get no relief Businessmen, they drink my wine Plowmen dig my earth None will level on the line Nobody offered his word," hey All along the watchtower
44%
------------------- walkin' down the street -------------------, the kind I'd like to meet --------------------, I don't believe you, you're not the truth No one could look as good as you Mercy Oh Pretty Woman
41%
Whoa, my love, my darling I've hungered for your touch A long, lonely time And time goes by so slowly And time can do so much Are you still mine? I need your love I need your love God speed your love to me Unchained Melody
41%
--------------------------------------- Let me play among the stars Let me see what spring is like On Jupiter and Mars In other words, hold my hand In other words, darling, kiss me Fill my life with song Fly me to the moon
39%
------------------------- exchanging glances Wondering in the night What were the chances we'd be sharing love Before the night was through Strangers in the night
38%
Come on everybody clap your hands Ah, you're looking good I'm gonna sing my song and you won't take long We're gonna do the twist and it goes like this Let's Twist Again
36%
I was five, and he was six We rode on horses made of sticks He wore black and I wore white He would always win the fight Bang Bang (My Baby Shot Me Down)
15%
Ridin' high when I was king I played it hard and fast, 'cause I had everything I walked away, but you warned me then But easy come and easy go, and it would end Beggin'
6%
No matching quizzes found
Score Distribution
Percent of People with Each Score
Percentile by Number Answered
Your Score History
You have not taken this quiz